Zábrana škod

Saved in:
Bibliographic Details
Format: Serial
Language:Czech
Published: Praha Česká státní pojišťovna a Slovenská štátna poisťovňa 1991
Subjects:
Tags: Add Tag
No Tags, Be the first to tag this record!

MARC

LEADER 00000nas2a2200000 4500
001 s015379
005 20180117152325.3
022 |a 0044-1708 
041 0 |a cze 
044 |a CZ 
245 1 0 |a Zábrana škod 
264 1 |a Praha  |b Česká státní pojišťovna a Slovenská štátna poisťovňa  |c 1991 
300 |a 1 zv. 
773 0 |w eu_un_cat*s120939 
610 2 0 |a poisťovníctvo 
610 2 0 |a poistenie 
610 2 0 |a zodpovednosť za škody